| 000 | 00506nam a2200193Ia 4500 | ||
|---|---|---|---|
| 005 | 20250923145054.0 | ||
| 008 | 008 250917s9999 xx 000 0 eng d | ||
| 037 | _aTextual | ||
| 040 |
_aDSWL _beng _cDSWL |
||
| 041 |
_aeng _2eng |
||
| 084 |
_aYn2,N57, N62 _qDSWL |
||
| 245 | 0 | _aContribution to Indian Sociology | |
| 260 |
_bMouton and Co. _c1962 |
||
| 300 | _a324p. | ||
| 365 |
_aINR _b12.00 |
||
| 925 | _g12.00 | ||
| 942 |
_cTEXL _hYn2,N57, N62 |
||
| 999 |
_c1446758 _d1446758 |
||